000 00513nam a2200169 i 4500
001 50970
003 ES-MaACL
005 20230906162253.0
007 t|
008 030807s1955 sp ||||1| spa d
100 1 _aChan, Wing-Tsit.
_937940
245 1 0 _aTendencias religiosas de la China moderna /
_cWing-Tsit Chan ; versión española de Antonio Dorta.
260 _aMadrid :
_bEspasa-Calpe,
_c1955.
300 _a336 p. ;
_c23 cm.
700 1 _aDorta, Antonio.
_945440
852 _aES-MaACL
_jC-10071
_bR.38039
999 _c50970
_d50970